000 00988nam a2200181 4500
999 _c63807
_d63807
003 Ge_BSU
005 20260120164706.0
008 260120s1967 ge ||||| |||| 00| 0 geo d
041 _ageo
080 _a908(47+57)+330.59(47+57) ო-47
100 _aონიანი, ვასილ
_926701
245 _aხალხის ცხოვრების მატერიალური და კულტურული დონის ამაღლება ახალ ხუთწლედში :
_b1966-1970 წ.წ. /
_cვასილ ონიანი.
264 _aთბილისი :
_bსაბჭ. საქართველო,
_c1967.
300 _a59 გვ. ;
_b20 სმ.
653 _aკომუნისტური მშენებლობა სსრ კავშირში
653 _aხალხის ცხოვრების მატერიალური დონის ამაღლება
942 _2udc
_cᲬᲘᲒᲜᲘ